MARC details
| 000 -LEADER |
| fixed length control field |
02919nam a22003617a 4500 |
| 003 - CONTROL NUMBER IDENTIFIER |
| control field |
KnowledgeUnlatched |
| 005 - DATE AND TIME OF LATEST TRANSACTION |
| control field |
20210303104901.0 |
| 006 - FIXED-LENGTH DATA ELEMENTS--ADDITIONAL MATERIAL CHARACTERISTICS |
| fixed length control field |
m o d |
| 007 - PHYSICAL DESCRIPTION FIXED FIELD--GENERAL INFORMATION |
| fixed length control field |
cr u|||||||||| |
| 008 - FIXED-LENGTH DATA ELEMENTS--GENERAL INFORMATION |
| fixed length control field |
210129p20202020xx o u00| u eng d |
| 037 ## - SOURCE OF ACQUISITION |
| Institution to which field applies |
BiblioBoard |
| 020 ## - INTERNATIONAL STANDARD BOOK NUMBER |
| International Standard Book Number |
9780429276125 |
| 024 8# - OTHER STANDARD IDENTIFIER |
| Standard number or code |
https://doi.org/10.4324/9780429276125 |
| 029 1# - OTHER SYSTEM CONTROL NUMBER (OCLC) |
| OCLC library identifier |
https://library.biblioboard.com/ext/api/media/652f89d8-3ab2-4bdd-9575-66ab9b795de3/assets/thumbnail.jpg |
| 040 ## - CATALOGING SOURCE |
| Original cataloging agency |
ScCtBLL |
| Transcribing agency |
ScCtBLL |
| 100 1# - MAIN ENTRY--PERSONAL NAME |
| Personal name |
Seida, Kimberly |
| Relator term |
author. |
| 245 00 - TITLE STATEMENT |
| Title |
Aggression in Pornography |
| Remainder of title |
Myths and Realities / |
| Statement of responsibility, etc. |
Kimberly Seida, Eran Shor. |
| 264 #1 - PRODUCTION, PUBLICATION, DISTRIBUTION, MANUFACTURE, AND COPYRIGHT NOTICE |
| Name of producer, publisher, distributor, manufacturer |
Routledge, |
| 300 ## - PHYSICAL DESCRIPTION |
| Extent |
1 online resource (1 p.) |
| 506 0# - RESTRICTIONS ON ACCESS NOTE |
| Terms governing access |
Access copy available to the general public. |
| Standardized terminology for access restriction |
Unrestricted |
| Source of term |
star |
| 520 ## - SUMMARY, ETC. |
| Summary, etc. |
Aggression in Pornography focusses on the issue of violence in mainstream pornography and examines what we know, what we think we know, and what are some surprising research findings and insights about the place of violence within pornography today. The authors first review the modern pornography industry, theoretical claims about pornography as violence, and the ways in which aggression has been defined and measured in previous research. Next, they review the findings of empirical research on violent content in pornographic materials and the potential effects of such content on audiences. The main part of the book relies on systematically collected empirical data, as the authors analyze the content of hundreds of pornographic videos as well as more than a hundred interviews with men and women who regularly watch pornography. These analyses provide surprising insights regarding the prevalence of and trends in violent content within mainstream pornography, the popularity of violent and non-violent content among viewers, and variations in aggression by race and sexual orientation. As such, Aggression in Pornography will be of interest to students and researchers in sociology, gender and sexuality studies, and media and film studies, as well as to wider audiences who are interested in today's pornography industry and to policymakers looking to devise empirically driven policies regarding this industry and its potential effects. |
| 588 0# - SOURCE OF DESCRIPTION NOTE |
| Source of description note |
Description based on print version record. |
| 590 ## - LOCAL NOTE (RLIN) |
| Local note |
Routledge Gender Studies 2020 - 2022 |
| 650 #7 - SUBJECT ADDED ENTRY--TOPICAL TERM |
| Topical term or geographic name entry element |
Social Science / Gender Studies |
| Source of heading or term |
bisacsh |
| 650 #0 - SUBJECT ADDED ENTRY--TOPICAL TERM |
| Topical term or geographic name entry element |
Social sciences |
| 655 #0 - INDEX TERM--GENRE/FORM |
| Genre/form data or focus term |
Electronic books. |
| 700 1# - ADDED ENTRY--PERSONAL NAME |
| Personal name |
Shor, Eran |
| Relator term |
author. |
| 758 ## - |
| -- |
Is found in: |
| -- |
Knowledge Unlatched |
| -- |
https://openresearchlibrary.org/module/2774bc74-146a-484f-a7ba-ab1d6a09bbfb |
| 856 40 - ELECTRONIC LOCATION AND ACCESS |
| Uniform Resource Identifier |
<a href="https://openresearchlibrary.org/content/652f89d8-3ab2-4bdd-9575-66ab9b795de3">https://openresearchlibrary.org/content/652f89d8-3ab2-4bdd-9575-66ab9b795de3</a> |
| Public note |
View this content on Open Research Library. |
| -- |
0 |